| 000 | 00720nam a2200229Ia 4500 | ||
|---|---|---|---|
| 005 | 20260429111923.0 | ||
| 008 | 260429s9999||||xx |||||||||||||| ||und|| | ||
| 020 | _a9789811228650 | ||
| 041 | _aEnglish | ||
| 082 |
_a515.35 _bKLO |
||
| 100 | _aKloeden, Peter E | ||
| 245 | 0 |
_aIntroduction to nonautonomous dynamical systems and their attractors / _cPeter E Kloeden |
|
| 250 | _a1st ed. | ||
| 260 |
_aSingapore : _bWorld Scientific Publishing Co. Pte. Ltd., _c2021. |
||
| 300 | _axii, 144 p.; hb | ||
| 440 | _aInterdisciplinary Mathematical Sciences, Vol. 21 | ||
| 650 | _a Differential equations | ||
| 650 | _a Mathematical analysis | ||
| 650 | _aDynamical systems | ||
| 700 | _a Yang, Meihua | ||
| 942 | _cTB | ||
| 999 |
_c51433 _d51433 |
||